Statistics for Leeds United FC 2020-2021 Squad

Click here to take the quiz!

General Stats

  • This quiz has been taken 296 times
  • The average score is 18 of 28

Answer Stats

PositionKit NumberNationalityAnswer% Correct
FOR#9EnglandPatrick Bamford
95%
GK#1FranceIllan Meslier
92%
ManagerN/AArgentinaMarcelo Bielsa
92%
MID#10North MacedoniaEzgjan Alioski
89%
DEF (c)#6ScotlandLiam Cooper
89%
FOR#20SpainRodrigo
89%
MID#43PolandMateusz Klich
88%
DEF#15Northern IrelandStuart Dallas
88%
DEF#2EnglandLuke Ayling
85%
MID#23EnglandKalvin Phillips
84%
DEF#5GermanyRobin Koch
83%
DEF#14SpainDiego Llorente
78%
MID#22EnglandJack Harrison
75%
GK#13SpainKiko Casilla
75%
FOR#18BrazilRaphinha
72%
MID#17PortugalHélder Costa
70%
FOR#11WalesTyler Roberts
69%
MID#19SpainPablo Hernández
67%
MID#46EnglandJamie Shackleton
58%
DEF#21BelgiumPascal Struijk
57%
MID#4EnglandAdam Forshaw
45%
MID#7EnglandIan Poveda
40%
DEF#3ScotlandBarry Douglas
37%
GK#25ItalyElia Caprile
35%
DEF#24EnglandLeif Davis
28%
FOR#30EnglandJoe Gelhardt
24%
FORN/ANetherlandsJay-Roy Grot
16%
MIDN/ANetherlandsOuasim Bouy
9%

Score Distribution

Percentile by Number Answered

Percent of People with Each Score

Your Score History

You have not taken this quiz